000 00868nam a2200253Ia 4500
003 OSt
005 20220923213528.0
006 a|||||r|||| 00| 0
007 ta
008 220922b |||||||| |||| 00| 0 hin d
024 _a162,604
037 _cTextual
040 _aARTS
_cARTS
_bhin
041 _2hin
_ahin
082 _aO152,3M80:g, M0
100 _aजैनेन्द्र कुमार
245 0 _aप्रेमचंद
_b एक कृती व्यक्तित्व
246 _aPremachanda: ek kṛutī vyaktitva
260 _aदिल्ली
_b पूर्वोदय प्रकाशन
_c1980
300 _a171 पृ.
_ccm.
650 _aहिन्दी साहित्य
_9156264
942 _hO152,3M80:g, M0
_cTEXL
_2CC
999 _c317084
_d317084